000
00282nam a22001337a 4500
008
170920b xxu||||| |||| 00| 0 eng d
020
_a
9780300058932
041
_a
eng
080
_a
7
100
_a
45
101
_a
ART
245
_a
ROSSO IN ITALY
_c
FRANKLIN,D
942
_2
udc
_c
BK
999
_c
28538
_d
28538